| 000 | 01311nac a22003857a 4500 | ||
|---|---|---|---|
| 001 | BR8500650 | ||
| 003 | BR-BrBNA | ||
| 005 | 20240105120235.0 | ||
| 008 | 230509b bl.|||m| |||| 00| 0 por d | ||
| 040 |
_aBR-BrBNA _bpor _cBiblioteca Nacional de Agricultura |
||
| 072 | _aF00; L30 | ||
| 090 | _a1900 BR8500650 | ||
| 100 | 1 | _aGoncalves, J.O.N. | |
| 110 | 1 | _aUnidade de Execucao de Pesquisa de Ambito Estadual de Bage, RS (Brasil) | |
| 245 | 1 |
_aProducao de forragem no periodo outonal, na regiao sudoeste do estado do Rio Grande do Sul [Brasil] _bEdicao revisada |
|
| 246 | 1 |
_aForage production for the autumnal period in the state of Rio Grande do Sul [Brazil] _b[Reviewed issue] |
|
| 260 | 3 |
_aBage, RS (Brasil): _c1982. |
|
| 300 | _a34 p. | ||
| 490 |
_aCircular Tecnica - Unidade de Execucao de Pesquisa de Ambito Estadual de Bage (Brazil) _vno. 01 _x |
||
| 500 | _a8 tables; 34 ref. | ||
| 650 | _aPLANTA FORRAGEIRA | ||
| 650 | _aVARIEDADE | ||
| 650 | _aFORRAGEM | ||
| 650 | _aFORRAGEIRA DE INVERNO | ||
| 650 | _aCLIMA | ||
| 650 | _aTEMPERATURA | ||
| 650 | _aADUBACAO | ||
| 650 | _aFENO | ||
| 650 | _aSILAGEM | ||
| 650 | _aNUTRICAO ANIMAL | ||
| 650 | _aREGIAO SUDOESTE | ||
| 650 | _aRIO GRANDE DO SUL | ||
| 909 |
_a202312 _bLúcia Elande _c55 _dLúcia Elande |
||
| 942 |
_2AGRIS _n0 _cMS |
||
| 999 |
_c278469 _d278469 |
||